Comuni della Provincia dell'Ogliastra (con mappa) - Statistics

Statistiche generali
  • Questo quiz è stato fatto 22 volte
  • Il punteggio medio è 17 su 23
Risposte nella Mappa
Le risposte nella mappa del quiz sottostante sono codificate secondo una scala di colori dal rosso al verde in base alla % di persone che hanno risposto correttamente.
 
Statistiche sulle risposte
Risposta % Corretto
Lanusei
100%
Gairo
92%
Perdasdefogu
92%
Tortolì
92%
Baunei
85%
Bari Sardo
77%
Jerzu
77%
Tertenia
77%
Ulassai
77%
Villagrande Strisaili
77%
Arzana
69%
Girasole
69%
Ilbono
69%
Talana
69%
Urzulei
69%
Ussassai
69%
Loceri
62%
Lotzorai
62%
Seui
62%
Triei
62%
Cardedu
54%
Elini
54%
Osini
54%
Nessun quiz corrispondente trovato
Distribuzione punteggi
Percentuale di utenti per punteggio
Percentile per numero di risposta
I tuoi punteggi nel tempo
Non hai fatto questo quiz